000 01309nam a22003617a 4500
003 CHAP
005 20220329132924.0
008 971013s1989 r 00010 d
010 _a293
011 _a1265
035 _a441
040 _cCHAP
090 _aTesis
100 0 0 _aMaldonado Torres, Ranferi.
_970137
245 _aEfecto de un cultivo intercalado y poda sobre la composición mineral de las hojas de árboles de ciruelo (Prunus salicina L.) bajo condiciones de temporal
260 _aMontecillo, Méx. :
_bEl autor,
_c1989
300 _a112 h.
502 _aTesis (M.C. Esp. en Edafología) -- CP. Centro de Edafología
590 _aALEPH
_b10
_c20130110
_lUCH01
_h1204
590 _aBATCH-UPD
_b10
_c20130109
_lUCH01
_h2310
590 _aBATCH-UPD
_b10
_c20130110
_lUCH01
_h2033
590 _aBATCH-UPD
_b10
_c20130410
_lUCH01
_h1349
590 _aBATCH-UPD
_b10
_c20130914
_lUCH01
_h0940
590 _aCONVERSION
_b10
_c20130109
_lUCH01
_h1302
650 1 4 _aCiruela
_xPoda.
_923423
650 1 4 _aCortas de mejoramiento.
_928281
650 1 4 _aCultivos asociados.
_930370
710 0 _aColegio de Postgraduados. Chapingo, Méx. Centro de Edafología.
_925074
901 _aBK
942 _cFOLL
949 _bBC
_cTES
_d-72963
_eTS2
_fc.2
_h22561
_i441
_si
949 _bBC
_cTES
_d-9886
_eTS1
_h22560
_i441
_si
999 _c293
_d293